[Event "Vrsar op"]
[Site "Vrsar"]
[Date "2023.04.29"]
[Round "7"]
[White "Mainenti, Kevin"]
[Black "Azinovic, Igor"]
[Result "0-1"]
[WhiteElo "1893"]
[BlackElo "1681"]
[PlyCount "78"]
[EventDate "2023.04.25"]
[EventType "swiss"]
[EventRounds "9"]
[EventCountry "CRO"]
[SourceTitle "CBM 214 Extra"]
[Source "ChessBase"]
[SourceDate "2023.07.31"]
[SourceVersion "1"]
[SourceVersionDate "2023.07.31"]
[SourceQuality "1"]

1. e4 c5 2. Nf3 d6 3. d4 cxd4 4. Nxd4 Nf6 5. Nc3 a6 6. a4 e5 7. Nde2 Be7 8. Ng3 Nc6 9. Bc4 Bg4 10. f3 Be6 11. Bxe6 fxe6 12. Be3 0-0 13. 0-0 Rc8 14. Nce2 d5 15. exd5 exd5 16. c3 Qd7 17. Qd3 Na5 18. b4 Nc4 19. Bf2 Nd6 20. Rfd1 Nc4 21. Ra2 Qe6 22. Nf5 e4 23. Nxe7+ Qxe7 24. fxe4 dxe4 25. Qh3 e3 26. Be1 Ne4 27. Bh4 Qf7 28. Raa1 Nf2 29. Bxf2 Qxf2+ 30. Kh1 Qxe2 31. Qe6+ Kh8 32. h3 Rce8 33. Qd7 Nd2 34. Re1 Qf2 35. Qxb7 Re6 36. Qd7 Rg6 37. Rg1 Qg3 38. Qe7 Rgf6 39. Rae1 Nf3 0-1

[Event "Vrsar op"]
[Site "Vrsar"]
[Date "2023.04.26"]
[Round "2"]
[White "Perossa, Nicolas"]
[Black "Mainenti, Kevin"]
[Result "1-0"]
[WhiteElo "2157"]
[BlackElo "1893"]
[PlyCount "95"]
[EventDate "2023.04.25"]
[EventType "swiss"]
[EventRounds "9"]
[EventCountry "CRO"]
[SourceTitle "CBM 214 Extra"]
[Source "ChessBase"]
[SourceDate "2023.07.31"]
[SourceVersion "1"]
[SourceVersionDate "2023.07.31"]
[SourceQuality "1"]

1. e4 e5 2. Nf3 Nc6 3. Bb5 a6 4. Ba4 Bc5 5. 0-0 b5 6. Bb3 d6 7. c3 Nf6 8. d4 exd4 9. cxd4 Bb6 10. Bg5 h6 11. Bxf6 Qxf6 12. Bd5 Bb7 13. Qc1 Kd7 14. e5 Qf5 15. Nc3 Na5 16. Bxb7 Nxb7 17. Nd5 f6 18. Re1 Qe6 19. Nf4 Qc4 20. Qb1 Kc8 21. exf6 gxf6 22. Ng6 Rg8 23. Ne7+ Kb8 24. Nxg8 Qxg8 25. a4 b4 26. Qf5 Na5 27. Re6 Ka7 28. Rae1 Rd8 29. h4 b3 30. R1e3 d5 31. h5 Qf8 32. Qxf6 Qg8 33. Qe7 Ka8 34. Rg6 Qf8 35. Qxf8 Rxf8 36. Rxh6 Kb7 37. Rd3 c6 38. Rh7+ Ka8 39. h6 Bd8 40. Nd2 Bg5 41. Nxb3 Nc4 42. Nc5 Re8 43. Rf3 Nd6 44. g3 a5 45. Kg2 Rb8 46. Ne6 Bc1 47. Nc7+ Kb7 48. Nb5+ 1-0

[Event "CRO-chT U20 26th"]
[Site "Sv Filip i Jakov"]
[Date "2018.04.07"]
[Round "10.18"]
[White "Mainenti, Kevin"]
[Black "Smetisko, Josip"]
[Result "1/2-1/2"]
[WhiteElo "1888"]
[BlackElo "1880"]
[PlyCount "68"]
[EventDate "2018.04.03"]
[EventType "team-swiss"]
[EventRounds "11"]
[EventCountry "CRO"]
[SourceTitle "CBM 184 Extra"]
[Source "ChessBase"]
[SourceDate "2018.06.28"]
[SourceVersion "1"]
[SourceVersionDate "2018.06.28"]
[SourceQuality "1"]

1. e4 d6 2. d4 Nf6 3. Nc3 Nbd7 4. Nf3 e5 5. dxe5 dxe5 6. a3 c6 7. Bc4 Be7 8. 0-0 0-0 9. Qe2 b5 10. Ba2 a5 11. Rd1 Qc7 12. Bg5 Ba6 13. Qe1 Bc5 14. Rd2 b4 15. Na4 Be7 16. Rad1 Rfe8 17. Qe3 c5 18. Bd5 Rab8 19. axb4 axb4 20. b3 Bb5 21. Nb2 Nxd5 22. Rxd5 f6 23. Bh4 Nb6 24. R5d2 Kf8 25. c4 bxc3 26. Qxc3 Qc6 27. Re1 Qe6 28. Bg3 c4 29. Nxc4 Nxc4 30. bxc4 Bxc4 31. Rb2 Rxb2 32. Qxb2 Qa6 33. Ra1 Qb5 34. Qxb5 Bxb5 1/2-1/2

[Event "Pula op 31st"]
[Site "Pula"]
[Date "2017.09.09"]
[Round "1"]
[White "Mainenti, Kevin"]
[Black "Martic, Zlatko"]
[Result "1/2-1/2"]
[WhiteElo "1827"]
[BlackElo "2276"]
[PlyCount "56"]
[EventDate "2017.09.09"]
[EventType "swiss"]
[EventRounds "9"]
[EventCountry "CRO"]
[SourceTitle "CBM 180 Extra"]
[Source "ChessBase"]
[SourceDate "2017.10.06"]
[SourceVersion "1"]
[SourceVersionDate "2017.10.06"]
[SourceQuality "1"]

1. e4 d6 2. d4 Nf6 3. Nc3 g6 4. Be2 Bg7 5. Be3 0-0 6. Qd2 Nc6 7. d5 Ne5 8. Bh6 c6 9. Bxg7 Kxg7 10. f4 Ned7 11. Bf3 cxd5 12. Nxd5 Nxd5 13. Qxd5 Qb6 14. 0-0-0 Nf6 15. Qd4 Qxd4 16. Rxd4 Be6 17. h3 Rac8 18. Kb1 Rc7 19. g4 Rfc8 20. c3 Nd7 21. Ne2 f6 22. h4 Nc5 23. h5 a5 24. Rd2 Bg8 25. hxg6 hxg6 26. f5 Nd7 27. Nf4 Ne5 28. Be2 g5 1/2-1/2

[Event "CRO-chT U20"]
[Site "Sv Filip i Jakov"]
[Date "2017.04.23"]
[Round "7.4"]
[White "Mainenti, Kevin"]
[Black "Blazeka, Mihaela"]
[Result "0-1"]
[WhiteElo "1816"]
[BlackElo "2037"]
[PlyCount "128"]
[EventDate "2017.04.18"]
[EventType "team-tourn"]
[EventRounds "7"]
[EventCountry "CRO"]
[SourceTitle "EXT 2019"]
[Source "ChessBase"]
[SourceDate "2018.10.10"]
[SourceVersion "1"]
[SourceVersionDate "2018.10.10"]
[SourceQuality "1"]

1. e4 e5 2. Nf3 Nc6 3. Bc4 Bc5 4. d3 Nf6 5. Nc3 d6 6. Be3 Bb6 7. Qd2 Na5 8. Bb3 Nxb3 9. axb3 c6 10. d4 exd4 11. Bxd4 Bxd4 12. Nxd4 0-0 13. 0-0 Re8 14. Rfe1 Ng4 15. Nf3 Ne5 16. Nxe5 dxe5 17. Qxd8 Rxd8 18. Red1 Rxd1+ 19. Rxd1 Be6 20. Na4 b6 21. Rd6 Rc8 22. f3 Kf8 23. Kf2 Ke7 24. Rd2 c5 25. Nc3 c4 26. bxc4 Bxc4 27. Nd1 g6 28. Ne3 Be6 29. c3 Rc5 30. g4 f6 31. h4 b5 32. h5 gxh5 33. gxh5 a5 34. Rd1 a4 35. Rg1 Kf8 36. h6 Rc7 37. Ng4 Ke7 38. Ne3 Kd6 39. Rg7 Rf7 40. Ke2 Rxg7 41. hxg7 Ke7 42. Nd5+ Kf7 43. g8Q+ Kxg8 44. Nxf6+ Kg7 45. Ne8+ Kf7 46. Nc7 Bc4+ 47. Kf2 Kg6 48. Ne8 Kg5 49. Nd6 h5 50. Nf5 Be6 51. Ne3 h4 52. Nf1 Kf4 53. Nh2 Bh3 54. Kg1 Kg3 55. Kh1 Bg2+ 56. Kg1 Bxf3 57. Nf1+ Kf4 58. Nd2 Bxe4 59. c4 bxc4 60. Nxc4 Kg3 61. Nd6 Bd3 62. Nf7 h3 63. Ng5 h2+ 64. Kh1 e4 0-1

[Event "CRO-chT U20"]
[Site "Sv Filip i Jakov"]
[Date "2017.04.21"]
[Round "5.4"]
[White "Batory, Lucija"]
[Black "Mainenti, Kevin"]
[Result "0-1"]
[WhiteElo "1676"]
[BlackElo "1816"]
[PlyCount "84"]
[EventDate "2017.04.18"]
[EventType "team-tourn"]
[EventRounds "7"]
[EventCountry "CRO"]
[SourceTitle "EXT 2019"]
[Source "ChessBase"]
[SourceDate "2018.10.10"]
[SourceVersion "1"]
[SourceVersionDate "2018.10.10"]
[SourceQuality "1"]

1. e4 e5 2. Nf3 Nc6 3. Bb5 a6 4. Ba4 Bc5 5. 0-0 b5 6. Bb3 Nf6 7. Re1 d6 8. c3 Bg4 9. h3 Bh5 10. d3 h6 11. Nbd2 0-0 12. Nf1 Na5 13. Bc2 Bb6 14. Ng3 Bg6 15. d4 exd4 16. cxd4 c5 17. a4 c4 18. d5 b4 19. Be3 b3 20. Bb1 Re8 21. Bxb6 Qxb6 22. Nd4 Nxd5 23. exd5 Rxe1+ 24. Qxe1 Qxd4 25. Bxg6 fxg6 26. Qe6+ Kh7 27. Rb1 Qe5 28. Qxe5 dxe5 29. Ne4 Rd8 30. d6 Kg8 31. Rd1 Nb7 32. Kf1 Kf7 33. Ke2 Ke6 34. d7 Rxd7 35. Rxd7 Kxd7 36. Kd2 Kc6 37. Kc3 Nc5 38. Nd2 Nxa4+ 39. Kxc4 Nxb2+ 40. Kxb3 Nd3 41. f3 Nf4 42. Nc4 Kd5 0-1

[Event "CRO-chT U20"]
[Site "Sv Filip i Jakov"]
[Date "2017.04.20"]
[Round "4.2"]
[White "Mainenti, Kevin"]
[Black "Simunic, Krunoslav"]
[Result "1-0"]
[WhiteElo "1816"]
[BlackElo "1947"]
[PlyCount "141"]
[EventDate "2017.04.18"]
[EventType "team-tourn"]
[EventRounds "7"]
[EventCountry "CRO"]
[SourceTitle "EXT 2019"]
[Source "ChessBase"]
[SourceDate "2018.10.10"]
[SourceVersion "1"]
[SourceVersionDate "2018.10.10"]
[SourceQuality "1"]

1. f4 d5 2. Nf3 Bf5 3. e3 e6 4. b3 Nf6 5. Bb2 Be7 6. Ne5 h6 7. Bd3 Bxd3 8. Nxd3 0-0 9. 0-0 Nfd7 10. Qg4 Bf6 11. Ne5 Nxe5 12. fxe5 Be7 13. Rf3 c5 14. Rg3 g6 15. d4 Nc6 16. Nc3 Rc8 17. Ne2 Bg5 18. Nf4 Ne7 19. c3 Nf5 20. Rh3 b5 21. dxc5 Qc7 22. Nd3 Bxe3+ 23. Rxe3 Nxe3 24. Qh3 Nc4 25. Bc1 h5 26. Bg5 Nb2 27. Nxb2 Qxc5+ 28. Qe3 Qxc3 29. Qxc3 Rxc3 30. Nd1 Rc6 31. Be3 a5 32. a3 Ra8 33. Kf1 Rc2 34. Rc1 Rac8 35. Ra1 d4 36. Bxd4 Rd8 37. Bb6 Rd3 38. Bxa5 Rxb3 39. Bb4 Rd3 40. Nf2 Re3 41. Re1 Rb3 42. Rd1 Rbb2 43. Ne4 h4 44. Rd2 Rc1+ 45. Ke2 Rxd2+ 46. Nxd2 Kg7 47. Be7 Rc3 48. Nf3 h3 49. gxh3 Rb3 50. h4 Kh6 51. Ng5 Rb2+ 52. Kf3 Kg7 53. h3 Rc2 54. Ne4 Rc4 55. Bb4 Kh6 56. Nd6 Rxh4 57. Nxf7+ Kg7 58. Ng5 Rh5 59. Kg4 Kg8 60. Bd6 Kg7 61. Nxe6+ Kf7 62. Nf4 Rf5 63. e6+ Ke8 64. Nxg6 Rf6 65. Nf4 Rh6 66. Kg5 Rh7 67. Nh5 Ra7 68. Nf6+ Kd8 69. e7+ Rxe7 70. Bxe7+ Kxe7 71. Kg6 1-0

[Event "CRO-chT U20"]
[Site "Sv Filip i Jakov"]
[Date "2017.04.18"]
[Round "1.2"]
[White "Bosnjak, Petar"]
[Black "Mainenti, Kevin"]
[Result "1-0"]
[WhiteElo "2275"]
[BlackElo "1816"]
[PlyCount "69"]
[EventDate "2017.04.18"]
[EventType "team-tourn"]
[EventRounds "7"]
[EventCountry "CRO"]
[SourceTitle "EXT 2019"]
[Source "ChessBase"]
[SourceDate "2018.10.10"]
[SourceVersion "1"]
[SourceVersionDate "2018.10.10"]
[SourceQuality "1"]

1. e4 e5 2. Nf3 Nc6 3. Bb5 a6 4. Ba4 Bc5 5. 0-0 d6 6. c3 b5 7. Bb3 Nf6 8. d4 exd4 9. cxd4 Bb6 10. h3 h6 11. Nc3 0-0 12. a4 b4 13. Nd5 Na5 14. Nxf6+ Qxf6 15. Bc2 c5 16. e5 dxe5 17. Qd3 g6 18. dxe5 Qc6 19. Bxh6 Bf5 20. Qe2 Bxc2 21. Qxc2 Rfe8 22. Rfe1 c4 23. Ng5 Nb3 24. e6 f5 25. Qe2 Bd4 26. Rad1 Bh8 27. e7 Nd4 28. Rxd4 Bxd4 29. Rd1 Bf6 30. Rd6 Rxe7 31. Qxe7 Qxg2+ 32. Kxg2 Bxe7 33. Rxg6+ Kh8 34. Nf7+ Kh7 35. Rg7# 1-0

[Event "CRO-ch U17"]
[Site "Krapinske Toplice"]
[Date "2015.07.31"]
[Round "9"]
[White "Mainenti, Kevin"]
[Black "Matanovic, Pavo"]
[Result "1-0"]
[WhiteElo "1955"]
[BlackElo "1718"]
[PlyCount "93"]
[EventDate "2015.07.25"]
[EventType "swiss"]
[EventRounds "9"]
[EventCountry "CRO"]
[SourceTitle "CBM 167 Extra"]
[Source "ChessBase"]
[SourceDate "2015.09.14"]
[SourceVersion "1"]
[SourceVersionDate "2015.09.14"]
[SourceQuality "1"]

1. e4 e5 2. Nf3 Nc6 3. Bc4 Bc5 4. d3 Nf6 5. Nc3 d6 6. Be3 Nd4 7. Bxd4 Bxd4 8. Nxd4 exd4 9. Ne2 c5 10. 0-0 Ng4 11. Ng3 Qh4 12. h3 Ne5 13. Bb5+ Bd7 14. Bxd7+ Nxd7 15. Qh5 Qxh5 16. Nxh5 0-0 17. Ng3 g6 18. f4 f6 19. c3 dxc3 20. bxc3 b5 21. d4 cxd4 22. cxd4 Rfc8 23. Rfc1 a5 24. Kf2 b4 25. Ne2 Nb6 26. Rxc8+ Rxc8 27. Rc1 Rxc1 28. Nxc1 Nc4 29. Ke2 a4 30. Kd3 Na5 31. Kc2 Kf7 32. d5 Nc4 33. Kd3 Nb2+ 34. Kd4 Nd1 35. Kc4 b3 36. axb3 axb3 37. Kxb3 Nf2 38. e5 fxe5 39. fxe5 dxe5 40. Kc4 Ke7 41. Kc5 Ne4+ 42. Kc6 Nd6 43. Ne2 e4 44. g4 g5 45. Kc5 Kd7 46. Kd4 Kd8 47. Ng3 1-0

[Event "CRO-ch U17"]
[Site "Krapinske Toplice"]
[Date "2015.07.29"]
[Round "7"]
[White "Mainenti, Kevin"]
[Black "Klaric, Lovre"]
[Result "1/2-1/2"]
[WhiteElo "1955"]
[BlackElo "1766"]
[PlyCount "94"]
[EventDate "2015.07.25"]
[EventType "swiss"]
[EventRounds "9"]
[EventCountry "CRO"]
[SourceTitle "CBM 167 Extra"]
[Source "ChessBase"]
[SourceDate "2015.09.14"]
[SourceVersion "1"]
[SourceVersionDate "2015.09.14"]
[SourceQuality "1"]

1. e4 e5 2. Nf3 Nc6 3. Bc4 Bc5 4. d3 d6 5. Ng5 Nh6 6. 0-0 Na5 7. Bb3 Nxb3 8. axb3 Be6 9. Nxe6 fxe6 10. Bxh6 gxh6 11. Qh5+ Kd7 12. Qxh6 Qe7 13. Nc3 a6 14. Ne2 Raf8 15. c3 Rhg8 16. d4 exd4 17. cxd4 Bb6 18. Rac1 Rg6 19. Qh3 Qg7 20. Rcd1 Rg4 21. f3 Rg6 22. g3 Kd8 23. Kh1 Rh6 24. Qg4 Rg6 25. Qh3 Rh6 26. Qg2 e5 27. dxe5 Qxe5 28. Nc3 Ba7 29. f4 Qe7 30. e5 Kc8 31. exd6 Rxd6 32. Rxd6 Qxd6 33. Rd1 Qb4 34. Qd5 Qe7 35. Qe4 Qg7 36. Qe6+ Kb8 37. Qd7 Qg8 38. Qd5 Qh8 39. f5 h5 40. h3 Bf2 41. Qf3 Bd4 42. Kg2 h4 43. g4 Qg7 44. Qd3 c5 45. Re1 Qg8 46. Qc4 Qg5 47. Qd3 Qg8 1/2-1/2

[Event "CRO-ch U17"]
[Site "Krapinske Toplice"]
[Date "2015.07.28"]
[Round "5"]
[White "Mainenti, Kevin"]
[Black "Skocibusic, Davor"]
[Result "1-0"]
[WhiteElo "1955"]
[BlackElo "1822"]
[PlyCount "55"]
[EventDate "2015.07.25"]
[EventType "swiss"]
[EventRounds "9"]
[EventCountry "CRO"]
[SourceTitle "CBM 167 Extra"]
[Source "ChessBase"]
[SourceDate "2015.09.14"]
[SourceVersion "1"]
[SourceVersionDate "2015.09.14"]
[SourceQuality "1"]

1. e4 d5 2. exd5 Qxd5 3. Nc3 Qa5 4. Nf3 Nf6 5. h3 g6 6. Bc4 Bg7 7. 0-0 0-0 8. d3 c6 9. Bd2 Qc7 10. Qc1 Nbd7 11. Bh6 Ne5 12. Nxe5 Qxe5 13. Re1 Qc7 14. Bxg7 Kxg7 15. Qe3 e6 16. Ne4 Nxe4 17. dxe4 e5 18. Rad1 Rd8 19. Qg5 f6 20. Qe3 b5 21. Bb3 Bb7 22. Qc5 a6 23. c3 Rd7 24. Rxd7+ Qxd7 25. Rd1 Qc7 26. Qd6 Rc8 27. Qe6 Kh6 28. Rd7 1-0

[Event "CRO-ch U17"]
[Site "Krapinske Toplice"]
[Date "2015.07.27"]
[Round "4"]
[White "Skrobar, David"]
[Black "Mainenti, Kevin"]
[Result "1/2-1/2"]
[WhiteElo "1634"]
[BlackElo "1955"]
[PlyCount "99"]
[EventDate "2015.07.25"]
[EventType "swiss"]
[EventRounds "9"]
[EventCountry "CRO"]
[SourceTitle "CBM 167 Extra"]
[Source "ChessBase"]
[SourceDate "2015.09.14"]
[SourceVersion "1"]
[SourceVersionDate "2015.09.14"]
[SourceQuality "1"]

1. d4 d5 2. Nf3 Nf6 3. Bg5 e6 4. e3 Be7 5. Bd3 0-0 6. 0-0 h6 7. Bh4 b6 8. Ne5 Nfd7 9. Bxe7 Qxe7 10. f4 c5 11. c3 Ba6 12. Nxd7 Qxd7 13. Bxa6 Nxa6 14. Nd2 b5 15. a3 Qb7 16. Qe2 c4 17. Nf3 Nb8 18. Ne5 Nc6 19. g4 a5 20. Rf3 b4 21. Rh3 Nxe5 22. fxe5 bxc3 23. bxc3 Qe7 24. Rf1 Rab8 25. g5 Qxg5+ 26. Rg3 Qe7 27. Rf6 Qxa3 28. Qh5 Qc1+ 29. Kg2 Qc2+ 30. Kh3 g6 31. Rfxg6+ fxg6 32. Rxg6+ Qxg6 33. Qxg6+ Kh8 34. Qxh6+ Kg8 35. Qxe6+ Kh8 36. Qxd5 a4 37. e6 a3 38. Qxc4 Ra8 39. Qa2 Rg8 40. e7 Rge8 41. Kg3 Rxe7 42. Kf3 Rb7 43. Ke4 Rb2 44. Qd5 Re8+ 45. Kd3 a2 46. Qh5+ Kg7 47. Qa5 Rf8 48. Qg5+ Kh7 49. Qh5+ Kg7 50. Qg5+ 1/2-1/2

[Event "CRO-ch U17"]
[Site "Krapinske Toplice"]
[Date "2015.07.25"]
[Round "1"]
[White "Mainenti, Kevin"]
[Black "Novosel, Marko"]
[Result "1/2-1/2"]
[WhiteElo "1955"]
[BlackElo "1705"]
[PlyCount "62"]
[EventDate "2015.07.25"]
[EventType "swiss"]
[EventRounds "9"]
[EventCountry "CRO"]
[SourceTitle "CBM 167 Extra"]
[Source "ChessBase"]
[SourceDate "2015.09.14"]
[SourceVersion "1"]
[SourceVersionDate "2015.09.14"]
[SourceQuality "1"]

1. e4 c5 2. Nf3 d6 3. d4 cxd4 4. Nxd4 Nf6 5. Nc3 a6 6. Be2 e6 7. Bd3 b5 8. a3 Bb7 9. Be3 Nbd7 10. 0-0 d5 11. exd5 Nxd5 12. Nxd5 Bxd5 13. Re1 Be7 14. Be2 0-0 15. Bf3 Ne5 16. Bxd5 Qxd5 17. Qe2 Nc4 18. c3 Nxe3 19. Qxe3 Bc5 20. Rad1 Rad8 21. Qe2 Qg5 22. Nf3 Qe7 23. Rxd8 Rxd8 24. Rd1 h6 25. Rxd8+ Qxd8 26. Qd2 Qc7 27. h3 Ba7 28. Qd3 Qb6 29. Qd4 Qc7 30. Qd3 Qb6 31. Qd4 Qc7 1/2-1/2

[Event "Topusko op 3rd"]
[Site "Topusko"]
[Date "2014.08.10"]
[Round "4"]
[White "Takac, Zvonko"]
[Black "Mainenti, Kevin"]
[Result "0-1"]
[WhiteElo "2062"]
[BlackElo "1798"]
[PlyCount "88"]
[EventDate "2014.08.08"]
[EventType "swiss"]
[EventRounds "9"]
[EventCountry "CRO"]
[SourceTitle "CBM 162 Extra"]
[Source "ChessBase"]
[SourceDate "2014.10.17"]
[SourceVersion "1"]
[SourceVersionDate "2014.10.17"]
[SourceQuality "1"]

1. d4 f5 2. Nf3 Nf6 3. g3 e6 4. Bg2 b6 5. Ne5 d5 6. 0-0 Bd6 7. c4 c6 8. Nc3 Ne4 9. cxd5 cxd5 10. Nxe4 fxe4 11. e3 0-0 12. f4 Ba6 13. Rf2 Bxe5 14. dxe5 Bd3 15. b3 Nc6 16. Ba3 Rf7 17. Rc1 Rc8 18. Bh3 Qd7 19. Rd2 Ne7 20. Rxc8+ Qxc8 21. Rxd3 exd3 22. Qxd3 Nf5 23. g4 Nh4 24. Kf2 g5 25. Kg3 Ng6 26. f5 Nxe5 27. Qb5 exf5 28. gxf5 Qc6 29. Qxc6 Nxc6 30. Kg4 h6 31. Kh5 Kh7 32. Bb2 Re7 33. f6 Rxe3 34. Bf5+ Kg8 35. Kxh6 d4 36. Bd7 Re2 37. Ba3 Ne5 38. Bb5 Rxh2+ 39. Kxg5 Rxa2 40. Bb4 a6 41. Be8 Nf7+ 42. Kg6 Rg2+ 43. Kf5 d3 44. Bc6 Rf2+ 0-1

[Event "CRO-ch U17"]
[Site "Sveti Martin"]
[Date "2014.07.27"]
[Round "2"]
[White "Livaic, Leon"]
[Black "Mainenti, Kevin"]
[Result "1-0"]
[WhiteElo "2066"]
[BlackElo "1798"]
[PlyCount "63"]
[EventDate "2014.07.26"]
[EventType "swiss"]
[EventRounds "9"]
[EventCountry "CRO"]
[SourceTitle "EXT 2016"]
[Source "ChessBase"]
[SourceDate "2015.10.08"]
[SourceVersion "1"]
[SourceVersionDate "2015.10.08"]
[SourceQuality "1"]

1. d4 f5 2. Nc3 Nf6 3. Bg5 e6 4. e4 fxe4 5. Nxe4 Be7 6. Bxf6 Bxf6 7. Nxf6+ Qxf6 8. Nf3 d5 9. Bd3 Bd7 10. 0-0 Nc6 11. c3 0-0-0 12. Re1 g5 13. b4 g4 14. Ne5 Nxe5 15. Rxe5 Rdf8 16. Qe2 h5 17. Rf1 Rfg8 18. c4 Rg5 19. Re1 Rhg8 20. b5 h4 21. g3 h3 22. a4 Rxe5 23. dxe5 Qe7 24. cxd5 exd5 25. e6 Be8 26. Bf5 Bh5 27. Qe5 Rd8 28. Rd1 Re8 29. Rxd5 Kb8 30. Rd7 Qd8 31. Rxd8+ Rxd8 32. Qe2 1-0

[Event "Porec op"]
[Site "Porec"]
[Date "2013.12.06"]
[Round "4"]
[White "Mainenti, Kevin"]
[Black "Ghersinich, Enrico"]
[Result "1-0"]
[WhiteElo "1774"]
[BlackElo "1593"]
[PlyCount "53"]
[EventDate "2013.12.05"]
[EventType "swiss"]
[EventRounds "7"]
[EventCountry "CRO"]
[SourceTitle "CBM 157 Extra"]
[Source "ChessBase"]
[SourceDate "2013.12.19"]
[SourceVersion "1"]
[SourceVersionDate "2013.12.19"]
[SourceQuality "1"]

1. e4 c5 2. Nf3 d6 3. d4 cxd4 4. Nxd4 Nf6 5. Nc3 g6 6. Be2 Bg7 7. Be3 Nc6 8. Qd2 Bd7 9. f3 0-0 10. g4 Nxd4 11. Bxd4 h5 12. gxh5 Nxh5 13. Bxg7 Nxg7 14. 0-0-0 Be6 15. h4 Nh5 16. f4 Qa5 17. f5 Ng3 18. fxe6 Nxh1 19. exf7+ Rxf7 20. Rxh1 Qc7 21. h5 gxh5 22. Qg5+ Rg7 23. Qxh5 Rf8 24. Qh8+ Kf7 25. Rf1+ Ke6 26. Qxf8 Rg5 27. Bg4+ 1-0

[Event "CRO-ch U15"]
[Site "Split"]
[Date "2013.06.26"]
[Round "9"]
[White "Makovec, Bruno"]
[Black "Mainenti, Kevin"]
[Result "1-0"]
[WhiteElo "1864"]
[BlackElo "1785"]
[PlyCount "105"]
[EventDate "2013.06.21"]
[EventType "swiss"]
[EventRounds "9"]
[EventCountry "CRO"]
[SourceTitle "EXT 2014"]
[Source "ChessBase"]
[SourceDate "2013.11.20"]
[SourceVersion "1"]
[SourceVersionDate "2013.11.20"]
[SourceQuality "1"]

1. d4 f5 2. c4 Nf6 3. g3 e6 4. Bg2 Be7 5. Nf3 c6 6. 0-0 0-0 7. b3 d5 8. Bb2 Ne4 9. Nbd2 Nd7 10. Rc1 Ndf6 11. Ne5 Nxd2 12. Qxd2 Ne4 13. Qc2 Bd7 14. f3 Nf6 15. e4 fxe4 16. fxe4 Be8 17. Rce1 Bd6 18. Kh1 Qa5 19. Bc3 Qd8 20. Rf2 Bh5 21. exd5 exd5 22. Ref1 dxc4 23. bxc4 Re8 24. Qb3 Qb6 25. Rb2 Qxb3 26. Rxb3 Bxe5 27. dxe5 Ng4 28. Rxb7 Ne3 29. Re1 Nxg2 30. Kxg2 Bf7 31. e6 Rxe6 32. Rxe6 Bxe6 33. Rxg7+ Kf8 34. Rxh7 Bxc4 35. a3 a6 36. h4 Re8 37. h5 Re2+ 38. Kf3 Rh2 39. Kf4 Kg8 40. Rh6 Be2 41. g4 Rh4 42. Rg6+ Kf7 43. Kg3 Rh1 44. Rxc6 Bb5 45. Rc7+ Kg8 46. Kf4 Rf1+ 47. Kg5 Rd1 48. Rc8+ Kf7 49. Rc7+ Kg8 50. h6 Rd5+ 51. Kh4 Bd3 52. h7+ Bxh7 53. Rg7+ 1-0

[Event "CRO-ch U15"]
[Site "Split"]
[Date "2013.06.25"]
[Round "8"]
[White "Mainenti, Kevin"]
[Black "Matosevic, Ivica"]
[Result "1/2-1/2"]
[WhiteElo "1785"]
[BlackElo "1854"]
[PlyCount "41"]
[EventDate "2013.06.21"]
[EventType "swiss"]
[EventRounds "9"]
[EventCountry "CRO"]
[SourceTitle "EXT 2014"]
[Source "ChessBase"]
[SourceDate "2013.11.20"]
[SourceVersion "1"]
[SourceVersionDate "2013.11.20"]
[SourceQuality "1"]

1. f4 e5 2. fxe5 d6 3. exd6 Bxd6 4. Nf3 Bg4 5. g3 f5 6. e3 h5 7. Kf2 h4 8. Be2 Nf6 9. Nc3 g5 10. Nd4 Qd7 11. Ndb5 Bxe2 12. Nxd6+ Qxd6 13. Kxe2 Qc6 14. gxh4 Qg2+ 15. Kd3 Na6 16. Qf1 0-0-0+ 17. Kc4 Qc6+ 18. Kb3 Nc5+ 19. Ka3 Qd6 20. b4 Rxh4 21. Qxf5+ 1/2-1/2

[Event "CRO-ch U15 21th"]
[Site "Osijek"]
[Date "2012.06.20"]
[Round "4"]
[White "Mainenti, Kevin"]
[Black "Dubrovic, Rafael"]
[Result "0-1"]
[WhiteElo "1739"]
[BlackElo "1580"]
[PlyCount "48"]
[EventDate "2012.06.19"]
[EventType "swiss"]
[EventRounds "9"]
[EventCountry "CRO"]
[SourceTitle "EXT 2013"]
[Source "ChessBase"]
[SourceDate "2012.11.22"]
[SourceVersion "1"]
[SourceVersionDate "2012.11.22"]
[SourceQuality "1"]

1. e4 d5 2. exd5 Qxd5 3. Nc3 Qd6 4. Nf3 Nf6 5. Bc4 Bg4 6. d3 e6 7. Be3 Nc6 8. h3 Bh5 9. Qd2 0-0-0 10. a3 Kb8 11. 0-0-0 e5 12. g4 Bg6 13. Nh4 Qe7 14. Bg5 h6 15. Nxg6 fxg6 16. Bh4 g5 17. Bg3 e4 18. Rhe1 Na5 19. Ba2 Nc6 20. Nxe4 Nxe4 21. Rxe4 Qf6 22. f4 Bxa3 23. bxa3 Qa1+ 24. Bb1 Qxa3# 0-1